Elbinger Autoren und Literatur aus fünf Jahrhunderten

Titel: Elbinger Autoren und Literatur aus fünf Jahrhunderten / Alfred Podlech
Verfasser:
Veröffentlicht: Bremerhaven ˜[u.a.]œ : Truso-Verl., 1976
Umfang: 108 S.
Format: Buch
Sprache: Deutsch
Schriftenreihe/
mehrbändiges Werk:
Elbinger Hefte ; 35
Schlagworte:
Kein Bild verfügbar
X
Lokale Klassifikation: 6 10 E ; 6 15 M
alg: 8193196
001A    $03004:03-08-99 
001B    $01999:12-05-23 $t22:49:16.000 
001C    $00004:13-03-14 $t09:53:09.000 
001D    $09999:99-99-99 
001U    $0utf8 
001X    $00 
002@    $0Aau 
003@    $0081931964 
003O    $029816046 $aOCoLC 
006G    $0790383322 
006U    $079,A41,0288 
007A    $0081931964 $aHEB 
007T    $0Herdhh081931964 
009P    $qapplication/pdf $A2 $3Inhaltsverzeichnis $uhttp://scans.hebis.de/HEBCGI/show.pl?08193196_toc.pdf $mV:DE-605 
010@    $ager 
011@    $a1976 
013H    $0z 
021A    $aElbinger Autoren und Literatur aus fünf Jahrhunderten $hAlfred Podlech 
028A    $7 $8Podlech, Alfred [Tnd] $9141960256 
033A    $pBremerhaven {[u.a.] $nTruso-Verl. 
034D    $a108 S. 
036E    $a@Elbinger Hefte $l35 
036F    $x235 $8Elbinger Hefte $9001706489 $l35 
044F    $bElbing 
044F    $bElbing 
044F    $aAutor 
044F    $aSchriftsteller 
045E    $b07a $b01a 
045F    $a809 $eDDC23BSB 
045F/01 $a809 
045F/03 $g43832 
045G    $a306.0943832 $eDDC23BSB 
045G/01 $a306.09 
045G/03 $g43832 
045H    $a307.094382 $eDDC23BSB 
045H/01 $a307.09 
045H/03 $g4382 
045H/03 $g43832 

lok: 8193196 3

exp: 8193196 3 1 #EPN
201B/01 $020-11-13 $t14:19:35.000 
201U/01 $0utf8 
203@/01 $0617797013 
206W/01 $0UB1-t0551306 
208@/01 $a01-01-11 $brAa 
209A/01 $a81.693.68 $du $f000 $x00 
209B/01 $aStUB-Retro $x05 
209G/01 $a81693684 $x00 
209U/01 $qimage/gif $A2 $3Katalogkarte der UB Frankfurt $uhttp://resolver.hebis.de/retro/t0551306 $mV:DE-603;B:DE-30 
247C/01 $8601000-3 <30>Frankfurt, Universitätsbibliothek J. C. Senckenberg, Zentralbibliothek (ZB) $9102598258 

lok: 8193196 24
101B    $004-12-02 $t11:32:13.900 
101C    $003-08-99 
145Z/01 $a6 10 E 
145Z/02 $a6 15 M 
101U    $0utf8 

exp: 8193196 24 1 #EPN
201B/01 $021-12-02 $t18:57:49.000 
201C/01 $003-08-99 
203@/01 $0135163846 
208@/01 $a03-08-99 $br 
209A/01 $a6 VIII E 10 : 35 $du $f050 $h6 8 E 10 / B 35 $x00 
209C/01 $aK 78.4713 $h78 4713 K 
209G/01 $a70147955 $x00 
247C/01 $8358050-7 Marburg, Bibliothek des Herder-Instituts Marburg $9102600961 
201U/01 $0utf8 

lok: 8193196 78

exp: 8193196 78 1 #EPN
201B/01 $020-12-17 $t22:58:51.000 
201U/01 $0utf8 
203@/01 $0793181747 
208@/01 $a12-11-16 $be 
209A/01 $a/ $f000 $x00 
220C/01 $aAnmerkung: *NG 
237A/01 $aweiterführende Signatur(en): Herder-Institut: 6 VIII E 10 : 35 
244Z/01 $2Trx $#Prusy Wschodnie i Zachodnie $8--Trx--Ost- und Westpreußen $x01 $939113373X 
244Z/01 $#Elbing $#Elbing Elbląg $71028071-6 $8--Tg1--Elbląg $x02 $9042042631 
244Z/01 $2Trx $#kirjandus, Saksa $#literatūra, vokiečių $#Literature, German $#irodalom, német $#literatura niemiecka $#literatúra nemecká $#literatura německá $8--Trx--Literatur, deutsche $x03 $9391368125 
244Z/01 $2Trx $#kirjanikud $#rašytojai $#writers $#írók $#pisarze $#spisovatelia $#spisovatelé $8--Trx--Schriftsteller $x04 $9391382659 
244Z/01 $2Trx $8--Trx--Monographie $x05 $9391384546 
245Z/01 $a13.03 $x01 
245Z/01 $a11.08 $x02 
247C/01 $82080>Marburg/Lahn, Herder-Institut, Forschungsbibliothek, Bibliographieportal $9336309341 

lok: 8193196 204

exp: 8193196 204 1 #EPN
201B/01 $021-12-02 $t18:57:49.000 
201C/01 $007-03-02 
203@/01 $0169061388 
208@/01 $a07-03-02 $bz 
209A/01 $a20.509.63 $du $f000 $h20 509 63 $x00 
209G/01 $a20509635 $x00 
245S/01 $a17000 $x01 
247C/01 $8631000-x <26>Gießen, Universität Gießen, Universitätsbibliothek Gießen $9102596697 
201U/01 $0utf8 

lok: 8193196 205

exp: 8193196 205 1 #EPN
201B/01 $013-03-14 $t09:53:09.000 
201C/01 $026-05-09 
201U/01 $0utf8 
203@/01 $0575260785 
208@/01 $a13-03-14 $bz 
209A/01 $a070 8 2014/04968 $du $f000 $x00 
209C/01 $a(424) 18 2009/0078 
209G/01 $a55356785 $x00 
247C/01 $8351000-1 <4>Marburg, Universität Marburg, Universitätsbibliothek $9102594767
LEADER 00000cam a2200000 c 4500
001 081931964
003 DE-603
005 20230512224916.0
007 tu
008 990803s1976 xx |||| | u00||u|ger
015 |a 79,A41,0288  |2 dnb 
016 7 |2 DE-101  |a 790383322 
035 |a (DE-599)HEB081931964 
035 |a (OCoLC)29816046 
040 |a DE-603  |b ger  |c DE-603  |d DE-603 
041 |a ger 
082 0 4 |8 1\u  |a 809  |q DE-101  |2 23/BSB 
083 0 |8 2\u  |a 306.0943832  |q DE-101  |2 23/BSB 
083 0 |8 3\u  |a 307.094382  |q DE-101  |2 23/BSB 
084 |a 07a  |a 01a  |q DE-101  |2 sdnb 
085 |8 1\u  |b 809 
085 |8 1\u  |z 2  |s 43832 
085 |8 2\u  |b 306.09 
085 |8 2\u  |z 2  |s 43832 
085 |8 3\u  |b 307.09 
085 |8 3\u  |z 2  |s 4382 
085 |8 3\u  |z 2  |s 43832 
100 1 |a Podlech, Alfred  |0 (DE-603)141960256 
245 0 0 |a Elbinger Autoren und Literatur aus fünf Jahrhunderten  |c Alfred Podlech 
264 1 |a Bremerhaven ˜[u.a.]œ  |b Truso-Verl.  |c 1976 
300 |a 108 S. 
490 1 |a Elbinger Hefte  |v 35 
650 7 |a Autor  |2 local 
650 7 |a Schriftsteller  |2 local 
651 7 |a Elbing  |2 local 
651 7 |a Elbing  |2 local 
830 0 |t Elbinger Hefte  |v 35  |w (DE-603)001706489  |w (DE-600)539678-5  |9 235  |7 as 
856 4 2 |m V:DE-605  |q application/pdf  |u http://scans.hebis.de/HEBCGI/show.pl?08193196_toc.pdf  |3 Inhaltsverzeichnis 
924 0 |9 30  |a (DE-603)617797013  |b DE-30  |c HES  |d c  |g 81.693.68 
924 0 |9 Mb 50  |a (DE-603)135163846  |b DE-Mb50  |c HES  |d c  |g 6 VIII E 10 : 35 
924 0 |9 2080  |a (DE-603)793181747  |b DE-2080  |c HES  |d d  |g / 
924 0 |9 26  |a (DE-603)169061388  |b DE-26  |c HES  |d c  |g 20.509.63 
924 0 |9 4  |a (DE-603)575260785  |b DE-4  |c HES  |d c  |g 070 8 2014/04968